[Event "Bois Gentil op"]
[Site "Geneve"]
[Date "2014.02.14"]
[Round "6"]
[White "Prunescu, Claudiu"]
[Black "Malfait, Emmanuel"]
[Result "1-0"]
[WhiteElo "2257"]
[BlackElo "1991"]
[PlyCount "81"]
[EventDate "2014.01.10"]
[EventType "swiss"]
[EventRounds "7"]
[EventCountry "SUI"]
[SourceTitle "CBM 158 Extra"]
[Source "ChessBase"]
[SourceDate "2014.02.28"]
[SourceVersion "1"]
[SourceVersionDate "2014.02.28"]
[SourceQuality "1"]

1. d4 Nf6 2. c4 g6 3. Nc3 Bg7 4. e4 d6 5. Be2 0-0 6. Bg5 h6 7. Be3 Nbd7 8. h4 c5 9. d5 b5 10. cxb5 a6 11. Qd2 axb5 12. Bxb5 Qa5 13. f3 Rb8 14. a4 Ba6 15. Rb1 Ne5 16. b3 Ne8 17. Nge2 Bxb5 18. Nxb5 Nd3+ 19. Kd1 Qxd2+ 20. Kxd2 Ne5 21. Nf4 Nf6 22. Nd3 Nfd7 23. Rhc1 Rfc8 24. Nxe5 Nxe5 25. f4 Ng4 26. Na7 Re8 27. Nc6 Ra8 28. e5 h5 29. Kd3 Kf8 30. Bg1 Bh6 31. g3 dxe5 32. fxe5 Bxc1 33. Rxc1 f6 34. e6 Nh6 35. Bxc5 Nf5 36. a5 Nxg3 37. b4 Nf5 38. b5 Nxh4 39. b6 Ng2 40. b7 Nf4+ 41. Ke4 1-0

[Event "Bois Gentil op"]
[Site "Geneve"]
[Date "2014.01.10"]
[Round "1"]
[White "Malfait, Emmanuel"]
[Black "Pecorini, Jean Marc"]
[Result "1-0"]
[WhiteElo "1991"]
[BlackElo "1560"]
[PlyCount "69"]
[EventDate "2014.01.10"]
[EventType "swiss"]
[EventRounds "7"]
[EventCountry "SUI"]
[SourceTitle "CBM 158 Extra"]
[Source "ChessBase"]
[SourceDate "2014.02.28"]
[SourceVersion "1"]
[SourceVersionDate "2014.02.28"]
[SourceQuality "1"]

1. e4 c5 2. Nf3 d6 3. d4 Nf6 4. Nc3 cxd4 5. Nxd4 a6 6. f3 e5 7. Nb3 Be6 8. Be3 Nbd7 9. Qd2 b5 10. g4 h6 11. h4 Nb6 12. Na5 Rc8 13. 0-0-0 d5 14. Bxb6 Qxb6 15. Nxd5 Bxd5 16. exd5 Bc5 17. Re1 Bd4 18. Nc6 0-0 19. Ne7+ Kh8 20. Nxc8 Rxc8 21. Kb1 b4 22. Qd3 Qc5 23. Qf5 e4 24. Rh2 Nxd5 25. fxe4 Bxb2 26. exd5 Bc3 27. Rhe2 Rf8 28. Re8 Bxe1 29. Rxe1 a5 30. h5 a4 31. Bd3 g6 32. Qf6+ Kg8 33. hxg6 Qxd5 34. gxf7+ Rxf7 35. Re8+ 1-0